[Event "Mumbai Mayors Cup 1st"]
[Site "Mumbai"]
[Date "2008.05.16"]
[Round "8"]
[White "Jadhav, Rohit"]
[Black "Roop, Saurav"]
[Result "1-0"]
[WhiteElo "1876"]
[BlackElo "2022"]
[PlyCount "101"]
[EventDate "2008.05.11"]
[EventType "swiss"]
[EventRounds "11"]
[EventCountry "IND"]
[SourceTitle "CBM 124 Extra"]
[Source "ChessBase"]
[SourceDate "2008.07.03"]
[SourceVersion "1"]
[SourceVersionDate "2008.07.03"]
[SourceQuality "1"]

1. e4 e5 2. Nf3 Nc6 3. Bb5 a6 4. Ba4 Nf6 5. 0-0 Nxe4 6. d4 b5 7. Bb3 d5 8. dxe5 Be6 9. a4 Na5 10. Ba2 c5 11. Nbd2 c4 12. Nd4 Bc5 13. Nxe6 fxe6 14. Nxe4 dxe4 15. Qg4 Qd5 16. Bf4 0-0 17. Rad1 Qc6 18. b3 bxa4 19. bxc4 Ra7 20. Bd2 Nb7 21. Rde1 Qb6 22. Re2 Qb2 23. c3 Nd8 24. Be3 Qb6 25. Qxe4 Raf7 26. Bxc5 Qxc5 27. Qd4 Qa3 28. Bb1 Rf4 29. Qd3 g6 30. Ba2 Qc5 31. Qd6 Qa5 32. Re3 Kh8 33. g3 R4f5 34. Bb1 R5f7 35. Qa3 Nc6 36. c5 Qc7 37. Qxa4 Kg8 38. Ba2 Re7 39. Qxa6 Nxe5 40. Qe2 Nc6 41. Rxe6 Rxe6 42. Qxe6+ Kh8 43. Re1 Nd8 44. Qd5 Qa7 45. Qd4+ Qg7 46. Re7 Qxd4 47. cxd4 Nc6 48. Rd7 Ra8 49. Bd5 Ra1+ 50. Kg2 Nxd4 51. c6 1-0